[Event "Essent Open"]
[Site "Hoogeveen NED"]
[Date "2004.10.17"]
[Round "3"]
[White "Ernst,S"]
[Black "Dogge,M"]
[Result "1-0"]
[WhiteElo "2521"]
[BlackElo "2202"]

1.Nf3 d5 2.c4 d4 3.g3 Nc6 4.Bg2 e5 5.d3 Nf6 6.O-O a5 7.e3 Be7 8.exd4 exd4
9.Na3 Nd7 10.b3 Nc5 11.Nb5 O-O 12.Ba3 Nb4 13.Nbxd4 Bf6 14.Bb2 Bg4 15.Qd2 Nbxd3
16.Bc3 Ra6 17.Qc2 Ne4 18.Rad1 Ndxf2 19.Rxf2 Nxf2 20.Kxf2 Rd6 21.Rd2 Re8 22.Nb5 Qe7
23.Nxd6 Qe3+ 24.Kf1 Bxf3 25.Nxe8 Bxc3 26.Bxf3 Qxf3+ 27.Rf2 Qh1+ 28.Ke2 Bd4
29.Qf5 Bxf2 30.Nxc7 Qe1+ 31.Kf3 g6 32.Qc8+ Kg7 33.Ne8+ Kf8 34.Nd6+ Kg7 35.Qd7 Qe3+
36.Kg2 Be1 37.Qxf7+ Kh6 38.Qf8+ Kg5 39.Qd8+ Kh6 40.Qf6 Qe2+ 41.Kh3 Qh5+ 42.Kg2 Qe2+
43.Kg1 Qg4 44.Nf7+ Kh5 45.Qe5+ Qf5 46.Qe2+  1-0

[Event "XI Bela Papp Mem"]
[Site "Torokbalint HUN"]
[Date "2004.10.19"]
[Round "4"]
[White "Paschall,W"]
[Black "Schneider,Dm"]
[Result "0-1"]
[WhiteElo "2394"]
[BlackElo "2453"]

1.Nf3 d5 2.c4 e6 3.d4 c6 4.Nbd2 c5 5.g3 Nc6 6.Bg2 Nf6 7.O-O Be7 8.cxd5 exd5
9.dxc5 Bxc5 10.Nb3 Bb6 11.Qd3 O-O 12.Be3 Re8 13.Bxb6 axb6 14.Nbd4 Bg4 15.Rfc1 Qd7
16.e3 Na5 17.b3 Ne4 18.Qb5 Qd6 19.Rc2 Bd7 20.Qf1 Qf6 21.Bh3 Bxh3 22.Qxh3 Nxb3
23.Nxb3 Qxf3 24.Nd4 Qf6 25.Qd7 Nd6 26.Rac1 h5 27.Nb5 Red8  0-1

[Event "36th Olympiad"]
[Site "Calvia ESP"]
[Date "2004.10.22"]
[Round "7"]
[White "Laurent,B"]
[Black "Zhao Zong Yuan"]
[Result "1/2-1/2"]
[WhiteElo "2335"]
[BlackElo "2410"]

1.Nf3 d5 2.c4 c6 3.d4 e6 4.Bg5 f6 5.Bf4 dxc4 6.a4 b5 7.e4 Bb4+ 8.Bd2 Bxd2+
9.Qxd2 Bd7 10.d5 Ne7 11.dxc6 Bxc6 12.Qxd8+ Kxd8 13.axb5 Bxe4 14.Nbd2 Bxf3
15.Nxf3 e5 16.Bxc4 Nd7 17.O-O Kc7 18.Nd2 Kb7 19.Nb3 Rad8 20.Ra6 Nb6 21.Be2 Kb8
22.Rfa1 Nec8 23.Na5 Rd2 24.Bg4 Rxb2 25.Nc6+ Kc7 26.Nxa7 Nd6 27.Rc1+ Kb7 28.Bd7  1/2-1/2

[Event "36th Olympiad"]
[Site "Calvia ESP"]
[Date "2004.10.23"]
[Round "8"]
[White "Gentilleau,JP"]
[Black "Medina Colindres,J"]
[Result "1/2-1/2"]
[WhiteElo "2256"]
[BlackElo "2213"]

1.Nf3 d5 2.c4 Nf6 3.cxd5 Nxd5 4.d4 e6 5.e4 Nf6 6.Nc3 Be7 7.Be2 O-O 8.O-O b6
9.Bg5 Bb7 10.Qc2 Nbd7 11.Rfd1 h6 12.Bh4 Nh5 13.Bxe7 Qxe7 14.Ne5 Nf4 15.Nxd7 Nxe2+
16.Qxe2 Qxd7 17.Rac1 Rac8 18.f3 Rfd8 19.Rc2 Qe7 20.Rcd2 Rd7 21.Qf2 Rcd8 22.h3 Qb4
23.Kh2 Qc4 24.Kg1 Kh7 25.Kh2 Kg8 26.Kg1 c5 27.dxc5 Rxd2 28.Rxd2 Rxd2 29.Qxd2 Qxc5+
30.Kh1 Ba6 31.Qd8+ Kh7 32.Qd2 Qc4 33.Qd1 Kg6 34.Qd2 Qf1+ 35.Kh2 Kh7 36.Nd1 Qc4
37.Nc3 Qc7+ 38.Kg1 Qc5+ 39.Kh2 Qc7+ 40.Kg1 Qc4 41.Kh2 Qf1 42.Nd1 Qc4 43.Nc3 Qd3
44.Qxd3 Bxd3 45.f4 Kg6 46.Kg3 Kf6 47.Kf3 Ke7 48.g3 Kd6 49.Ke3 Bf1 50.h4 Kc5
51.Nb1 Bc4 52.a3 a5 53.g4 b5 54.g5 b4 55.axb4+ Kxb4 56.Kd4 Ba2 57.Nd2 f6
58.gxh6 gxh6 59.Kd3 a4 60.Kd4 Bb3 61.Nf3 Bd1 62.Nd2 Bc2 63.Ke3 Bd1 64.Kd3 Bh5
65.Kd4 Be2 66.Ke3 Bh5 67.Kd4 Bg4 68.Kd3 e5 69.fxe5 fxe5 70.Kc2 Bh5 71.Kd3 Be8
72.Kc2 Bc6 73.Kd3 Be8  1/2-1/2

[Event "3rd Masters"]
[Site "Rosny sous bois FRA"]
[Date "2004.10.23"]
[Round "1"]
[White "Glicenstein,A"]
[Black "Inkiov,V"]
[Result "1/2-1/2"]
[WhiteElo "2299"]
[BlackElo "2496"]

1.Nf3 d5 2.c4 d4 3.c5 Nc6 4.Qa4 Qd5 5.b4 a5 6.b5 Qxc5 7.Na3 Nb4 8.Bb2 e5
9.Rc1 Qd5 10.Rxc7 Bd6 11.b6+ Kf8 12.Nb5 Bxc7 13.Nxc7 Bd7 14.Qb3 Qxb3 15.axb3 Rc8
16.Nxe5 Be6 17.Nc4 Bxc4 18.bxc4 Ne7 19.d3 h5 20.Kd2 Rd8 21.Nb5 Nec6 22.g3 Rh6
23.Bg2 Rf6 24.Rf1 Kg8 25.f4 h4 26.g4 h3 27.Be4 Rh6 28.Rg1  1/2-1/2

[Event "4th Rohde Open"]
[Site "Sautron FRA"]
[Date "2004.10.24"]
[Round "2"]
[White "Andonov,B"]
[Black "Raetsky,A"]
[Result "0-1"]
[WhiteElo "2331"]
[BlackElo "2430"]

1.Nf3 d5 2.c4 d4 3.g3 Nc6 4.Bg2 e5 5.O-O Nf6 6.d3 Nd7 7.Na3 Be7 8.Nc2 a5
9.b3 O-O 10.a3 Nc5 11.b4 axb4 12.axb4 Rxa1 13.Nxa1 Nxb4 14.Nxe5 Na2 15.Bb2 Bf6
16.Nf3 Re8 17.Qc2 Nc3 18.Bxc3 dxc3 19.d4 Ne4 20.e3 Bf5 21.Qb3 c5 22.Nc2 Qa5
23.Ra1 Nd2 24.Qxb7 Qd8 25.Nfe1 cxd4 26.Bd5 Be6 27.Bxe6 fxe6 28.Ra7 Re7 29.Qa6 d3
30.Nb4 Nf3+ 31.Nxf3 d2 32.Nc6 d1=Q+ 33.Kg2 Qe8  0-1

[Event "36th Olympiad"]
[Site "Calvia ESP"]
[Date "2004.10.26"]
[Round "11"]
[White "Miton,K"]
[Black "Manik,M"]
[Result "1-0"]
[WhiteElo "2600"]
[BlackElo "2510"]

1.Nf3 d5 2.c4 c6 3.e3 Nf6 4.Nc3 a6 5.Be2 dxc4 6.Bxc4 b5 7.Bb3 c5 8.O-O e6
9.d4 Bb7 10.e4 Nxe4 11.Nxe4 Bxe4 12.Re1 Bd5 13.dxc5 Bxb3 14.Qxb3 Bxc5 15.Qc3 Nd7
16.Bg5 f6 17.Rxe6+ Kf7 18.Qb3 Kf8 19.Bf4 g5 20.Bd6+  1-0

[Event "36th Olympiad"]
[Site "Calvia ESP"]
[Date "2004.10.27"]
[Round "12"]
[White "Zvjaginsev,V"]
[Black "Gagunashvili,M"]
[Result "1/2-1/2"]
[WhiteElo "2650"]
[BlackElo "2567"]

1.Nf3 d5 2.c4 c6 3.e3 Nf6 4.Nc3 g6 5.d4 Bg7 6.Be2 O-O 7.O-O Be6 8.Ng5 Bf5
9.h3 h6 10.Nf3 Be6 11.a4 dxc4 12.e4 a5 13.Be3 Ne8 14.Nd2 f5 15.d5 cxd5 16.exd5 f4
17.dxe6 fxe3 18.fxe3 Rxf1+ 19.Bxf1 Nc6 20.Nxc4 Qxd1 21.Rxd1 Nf6 22.g4 h5
23.g5 Nh7 24.h4 Nf8 25.Bh3 Bxc3 26.bxc3 Nd8 27.Nb6 Rb8 28.Nd5 Ndxe6 29.Nxe7+ Kf7
30.Nd5 Nc5 31.Nb6 Re8 32.Kf2 Re4 33.Rd4 Nfe6 34.Bxe6+ Rxe6 35.Nc4 b6 36.Nd2 Ke7
37.Kf3 Rc6 38.Rc4 Re6 39.Ne4 Nd3 40.Rd4 Ne1+ 41.Kf2 Nc2 42.Rc4 Na3 43.Rd4 Nc2
44.Rc4 Na3 45.Rd4  1/2-1/2

[Event "36th Olympiad w"]
[Site "Calvia ESP"]
[Date "2004.10.29"]
[Round "14"]
[White "Mira,H"]
[Black "Sanchez Castillo,S"]
[Result "1/2-1/2"]
[WhiteElo "2158"]
[BlackElo "2141"]

1.Nf3 d5 2.c4 e6 3.g3 Nf6 4.Bg2 Be7 5.O-O O-O 6.Qc2 c5 7.d3 Nc6 8.a3 h6 9.e3 Bd7
10.b3 Qb6 11.Bb2 Rfd8 12.Nbd2 Rac8 13.h3 Qc7 14.Bc3 a6 15.Qb2 b5 16.Ne5 Nxe5
17.Bxe5 Qb7 18.d4 bxc4 19.Nxc4 cxd4 20.Bxd4 Bb5 21.Rfc1 Bxc4 22.Rxc4 Rxc4
23.bxc4 Qxb2 24.Bxb2 dxc4 25.Rc1 Rb8 26.Bxf6 gxf6 27.Rxc4 Bxa3 28.Ra4 Bc5
29.Rxa6 Rb1+ 30.Bf1 Rb2 31.Rc6 Bf8 32.Rc7 Bb4 33.Bd3 Be1 34.Bc2 Ba5 35.Rc5 Bb4
36.Rc6 Ba5 37.Kg2 Rb7 38.Ra6 Rc7 39.f4 Bc3 40.Be4 Kg7 41.Bc6 Bb4 42.Kf3 Bd6
43.Be4 f5 44.Bd3 h5 45.h4  1/2-1/2

[Event "19th Open"]
[Site "Le Touquet FRA"]
[Date "2004.10.29"]
[Round "7"]
[White "Roeder,M"]
[Black "Laurent,J"]
[Result "0-1"]
[WhiteElo "2425"]
[BlackElo "2243"]

1.Nf3 d5 2.c4 d4 3.g3 g6 4.b4 Bg7 5.d3 e5 6.Bg2 Ne7 7.O-O O-O 8.Na3 Re8 9.Rb1 a5
10.b5 c5 11.bxc6 Nexc6 12.Nb5 Na6 13.Ng5 h6 14.Ne4 Bf8 15.c5 Nxc5 16.Nxc5 Bxc5
17.Bxh6 Be6 18.a4 Rc8 19.e4 dxe3 20.Bxe3 Bb4 21.h4 Bf5 22.Rb3 Qd7 23.Qe2 Nd4
24.Bxd4 exd4 25.Qf3 b6 26.Qf4 Red8 27.h5 Rc2 28.hxg6 Bxg6 29.Be4 Rc5 30.Rb2 Rh5
31.g4 Rh7 32.f3 Bxe4 33.fxe4 Rg7 34.Rg2 Be7 35.g5 Rc8 36.g6 fxg6 37.Qh6 Rf8
38.Rxf8+ Bxf8 39.Rxg6 Qg4+  0-1

[Event "8th OIBM"]
[Site "Bad Wiessee GER"]
[Date "2004.11.04"]
[Round "6"]
[White "Miroshnichenko,E"]
[Black "Savchenko,S"]
[Result "1/2-1/2"]
[WhiteElo "2617"]
[BlackElo "2497"]

1.Nf3 d5 2.c4 c6 3.g3 Bg4 4.Bg2 e6 5.O-O Nd7 6.cxd5 exd5 7.d3 Ngf6 8.Nc3 Be7
9.h3 Bxf3 10.Bxf3 d4 11.Ne4 Nxe4 12.Bxe4 O-O 13.Bg2 a5 14.Bd2 Re8 15.Re1 Qb6
16.Qc2 Bb4  1/2-1/2

[Event "Extraliga CZE 2004-5"]
[Site "Czech Rep CZE"]
[Date "2004.11.06"]
[Round "1"]
[White "Stocek,J"]
[Black "Haba,P"]
[Result "1/2-1/2"]
[WhiteElo "2569"]
[BlackElo "2520"]

1.Nf3 d5 2.c4 c6 3.g3 Nf6 4.Bg2 dxc4 5.O-O Nbd7 6.Qc2 Nb6 7.a4 a5 8.Na3 Qd5
9.Ne1 Qd6 10.Nxc4 Nxc4 11.Qxc4 e5 12.Nf3 Be7 13.b3 O-O 14.Ba3 Qc7 15.Bb2 Bd6
16.Rac1 Re8 17.Rfe1 h6 18.e4 Qb6 19.d4 Be6 20.Qe2 Nd7 21.dxe5 Bb4 22.Red1 Nc5
23.Qe3 Qa7 24.Bd4 b6 25.Bxc5 Bxc5 26.Nd4 Rad8 27.Qc3 Qd7 28.Nxe6 Qxd1+ 29.Rxd1 Rxd1+
30.Bf1 Rxe6 31.Kg2 Bb4 32.Qf3 Rd7 33.Qg4 Rd2 34.Bc4 Rxe5 35.Qf4 Re7 36.Qb8+ Kh7
37.Qxb6 g6 38.Qxc6 Kg7 39.Bd5 h5 40.h3 Ra2 41.Kf1 Ra1+ 42.Kg2 Ra2 43.Kf1 Ra1+
44.Ke2 Ra2+ 45.Kf1  1/2-1/2

[Event "V Open"]
[Site "Sauzal ESP"]
[Date "2004.11.06"]
[Round "2"]
[White "Villavicencio Martinez,C"]
[Black "Lalic,B"]
[Result "0-1"]
[WhiteElo "2091"]
[BlackElo "2515"]

1.Nf3 d5 2.c4 d4 3.g3 g6 4.Bg2 Bg7 5.d3 e5 6.O-O Ne7 7.e3 dxe3 8.fxe3 O-O
9.Nc3 c6 10.a3 Na6 11.Rb1 Bf5 12.e4 Bg4 13.b4 Qd7 14.Qb3 Nc7 15.Ne1 Ne6 16.Rb2 Nd4
17.Qa2 b5 18.Rbf2 Be6 19.Be3 a5 20.bxa5 Rxa5 21.Ne2 bxc4 22.dxc4 Rfa8 23.Nxd4 exd4
24.Bc1 d3 25.Qb3 Rb5 26.Qxd3 Qxd3 27.Nxd3 Bxc4 28.Rd1 Bd4 29.Nb4 Bxf2+ 30.Kxf2 c5
31.Nd5 Nxd5 32.exd5 Rb1 33.d6 Rd8 34.d7 Bb5  0-1

[Event "V Open"]
[Site "Sauzal ESP"]
[Date "2004.11.06"]
[Round "3"]
[White "Strikovic,A"]
[Black "Rodriguez Perez,A"]
[Result "1-0"]
[WhiteElo "2470"]
[BlackElo "2214"]

1.Nf3 d5 2.c4 Nf6 3.cxd5 Nxd5 4.e4 Nf6 5.Nc3 Nc6 6.d4 Bg4 7.d5 Ne5 8.Nxe5 Bxd1
9.Bb5+ c6 10.dxc6 a6 11.c7+ axb5 12.cxd8=Q+ Rxd8 13.Nxd1 Nxe4 14.Nc3 Nd6
15.a4 f6 16.Nf3 b4 17.Nd5 b3 18.O-O e6 19.Re1 Kf7 20.Nb6 Nf5 21.Bd2 Bc5 22.a5 Rd6
23.Nc4 Rd7 24.Bc3 Rhd8 25.Ncd2 Nd6 26.Nxb3 Ba7 27.g3 e5 28.Bxe5 fxe5 29.Nxe5+ Kf8
30.Nxd7+ Rxd7 31.Rad1 Rf7 32.Re2 Bb8 33.Nc5 g6 34.b4 Bc7 35.Ne6+ Kg8  1-0

[Event "V Open"]
[Site "Sauzal ESP"]
[Date "2004.11.07"]
[Round "7"]
[White "Barlov,D"]
[Black "Milov,L"]
[Result "1-0"]
[WhiteElo "2438"]
[BlackElo "2470"]

1.Nf3 d5 2.c4 c6 3.d4 Nf6 4.Qc2 dxc4 5.Qxc4 Bg4 6.Ne5 Be6 7.Qd3 Nbd7 8.Nf3 Bg4
9.Nc3 Qb6 10.Nd2 e5 11.e3 O-O-O 12.Be2 exd4 13.exd4 Bxe2 14.Nxe2 Bb4 15.O-O Bxd2
16.Bxd2 Rhe8 17.Ng3 g6  1-0

[Event "TCh-SWE Elitserien 2004-5"]
[Site "Skara SWE"]
[Date "2004.11.07"]
[Round "3"]
[White "Wallin,D"]
[Black "Bator,R"]
[Result "1/2-1/2"]
[WhiteElo "2129"]
[BlackElo "2419"]

1.Nf3 d5 2.c4 c6 3.b3 Bg4 4.Bb2 Bxf3 5.exf3 e6 6.g3 Nf6 7.Bg2 Be7 8.O-O O-O
9.d4 Ne8 10.f4 Nd6 11.Nd2 Nd7 12.Ba3 Nf5 13.Bxe7 Qxe7 14.Nf3 Qf6 15.Ne5 Nxe5
16.fxe5 Qd8 17.c5 Qa5 18.Bh3  1/2-1/2

[Event "WYg16"]
[Site "Heraklio GRE"]
[Date "2004.11.12"]
[Round "10"]
[White "Gomes,M"]
[Black "Purtseladze,M"]
[Result "1-0"]
[WhiteElo "2183"]
[BlackElo "2269"]

1.Nf3 d5 2.c4 c6 3.g3 g6 4.Bg2 Bg7 5.cxd5 cxd5 6.d4 Nc6 7.Nc3 Nf6 8.O-O O-O
9.Ne5 Bf5 10.Nxc6 bxc6 11.Na4 Ne4 12.Bf4 a5 13.Rc1 Rc8 14.b3 Nd6 15.Be5 f6
16.Bxd6 Qxd6 17.Nb6 Rc7 18.Qd2 e6 19.Qxa5 Rb8 20.Na4 Rb5 21.Qd2 Qa3 22.g4 Bxg4
23.Qf4 Qe7 24.Qxg4 f5 25.Qf4 Rb4 26.e3 e5 27.Qf3 exd4 28.Rxc6 Rxc6 29.Qxd5+ Re6
30.Nc5 Kf7 31.Re1 Rb5 32.Qxe6+ Qxe6 33.Nxe6 Kxe6 34.exd4+ Kd6 35.d5 Be5 36.Bf3 Rc5
37.Re2 g5 38.h3 h5 39.Bxh5 Kxd5 40.Bf7+ Kd4 41.Bc4 Kc3 42.Re3+ Kb4 43.a4 Ka5
44.Kg2 Kb4 45.Rd3 Bc3 46.Rd6 Re5 47.Kf3 Be1 48.Rb6+ Ka3 49.Rg6 g4+ 50.Kf4 Rc5
51.Kg3 gxh3 52.Rh6 Re5 53.Kf3 Kb4 54.Rxh3 Re8 55.Rh5 Re5 56.Rh8 f4 57.Kxf4 Rc5
58.f3 Bc3 59.Re8 Rh5 60.Kg4 Rh2  1-0

[Event "Acropolis WGM Open"]
[Site "Athens GRE"]
[Date "2004.11.16"]
[Round "1"]
[White "Tetenkina,I"]
[Black "Ikonomopoulou,M"]
[Result "1-0"]
[WhiteElo "2255"]
[BlackElo "2014"]

1.Nf3 d5 2.c4 d4 3.e3 Nc6 4.exd4 Nxd4 5.Nxd4 Qxd4 6.Nc3 c6 7.d3 e5 8.Be3 Qd6
9.Be2 Nf6 10.O-O Be7 11.d4 exd4 12.Qxd4 Qxd4 13.Bxd4 O-O 14.Rad1 Bf5 15.Bf3 Rfe8
16.Rfe1 h6 17.h3 Nh7 18.Re3 Ng5 19.Bg4 Bxg4 20.hxg4 Ne6 21.Be5 Bc5 22.Red3 f6
23.Bg3 Rad8 24.Ne4 Rxd3 25.Rxd3 Bd4 26.b3 Kf8 27.Kf1 Rd8 28.Ke2 Ke7 29.f4 Rd7
30.f5 Ng5 31.Bd6+ Rxd6 32.Nxd6 Kxd6 33.Rxd4+ Ke7 34.c5 Nf7 35.Rb4 Nd8 36.Kf3 Kd7
37.g5 hxg5 38.Kg4 b6 39.cxb6 axb6 40.Rxb6 Kc7 41.Rb4 Nf7 42.Kh5 Ne5 43.a4 Nd3
44.Re4 Nc5 45.Re7+ Kd6 46.Re3 Kd5 47.a5 Na6 48.Kg6 Kd4 49.Re6  1-0

[Event "Acropolis IM Open"]
[Site "Athens GRE"]
[Date "2004.11.16"]
[Round "1"]
[White "Halkias,S"]
[Black "Kaloskambis,M"]
[Result "1-0"]
[WhiteElo "2526"]
[BlackElo "2171"]

1.Nf3 d5 2.c4 c6 3.e3 e6 4.Nc3 f5 5.Qc2 Bd6 6.b3 Nf6 7.Bb2 O-O 8.Be2 Ne4
9.Rg1 Qe7 10.g4 Nxc3 11.gxf5 Ne4 12.Rxg7+ Qxg7 13.Bxg7 Kxg7 14.O-O-O e5 15.Rg1+ Kf6
16.d3 Ba3+ 17.Kb1 Bxf5 18.dxe4 Bxe4 19.Bd3 Bxf3 20.Bxh7 Be4 21.Bxe4 dxe4
22.Qxe4 Nd7 23.Qh4+ Kf7 24.Qh5+ Ke7 25.Rg7+ Kd8 26.Qh7 Nf6 27.Qd3+ Ke8 28.Qg6+ Kd8
29.Qd3+ Ke8 30.Qf5 Kd8 31.Qe6 Rc8 32.Rxb7 Bc5 33.b4 Bxb4 34.Rxb4 Nd7  1-0

[Event "Stek Cup"]
[Site "Tula RUS"]
[Date "2004.11.16"]
[Round "1"]
[White "Zhavoronkov,E"]
[Black "Biriukov,I"]
[Result "1/2-1/2"]
[WhiteElo "2279"]
[BlackElo "2256"]

1.Nf3 d5 2.c4 d4 3.e3 c5 4.b4 dxe3 5.fxe3 cxb4 6.d4 Nf6 7.Bd3 Bg4 8.O-O e6
9.Bb2 Nc6 10.Nbd2 Be7 11.Qe1 Bh5  1/2-1/2

[Event "Acropolis GM"]
[Site "Athens GRE"]
[Date "2004.11.19"]
[Round "4"]
[White "Vouldis,A"]
[Black "Kapnisis,S"]
[Result "1-0"]
[WhiteElo "2524"]
[BlackElo "2435"]

1.Nf3 d5 2.c4 e6 3.d4 Nf6 4.g3 dxc4 5.Bg2 a6 6.O-O Nc6 7.e3 Bd7 8.Nc3 Bb4
9.Ne5 Nxe5 10.dxe5 Bxc3 11.bxc3 Nd5 12.Ba3 Qg5 13.Qd4 O-O-O 14.f4 Qg6 15.e4 Nb6
16.Be7 Bc6 17.Bxd8 Rxd8 18.Qe3 Rd3 19.Qe1 Na4 20.Rd1 Rxc3 21.Rd4 b5 22.Qd2 Kb7
23.Rd8 Bxe4 24.f5 exf5 25.Bxe4+ fxe4 26.Qd5+ Kb6 27.Rb8+ Ka5 28.Rb1 Nb6 29.Qc5 Rxg3+
30.Kh1  1-0

[Event "TCh-AUT"]
[Site "Graz AUT"]
[Date "2004.11.19"]
[Round "1"]
[White "Kleissl,H"]
[Black "Singer,Ri"]
[Result "1/2-1/2"]
[WhiteElo "2334"]
[BlackElo "2280"]

1.Nf3 d5 2.c4 e6 3.d4 c6 4.Qc2 Nf6 5.g3 Nbd7 6.Bg2 Bb4+ 7.Nbd2 O-O 8.O-O Qe7
9.e4 Nxe4 10.Nxe4 dxe4 11.Qxe4 Re8 12.Bf4 Bd6 13.Bxd6 Qxd6 14.c5 Qf8 15.b4 Nf6
16.Qc2 Rd8 17.a4 Bd7 18.Qb2 Rab8 19.Ne5 Nd5 20.Bxd5 exd5 21.Nxd7 Rxd7 22.b5 Re7
23.Rfe1 Rbe8 24.Qd2 f5 25.Kf1  1/2-1/2

[Event "Stek Cup"]
[Site "Tula RUS"]
[Date "2004.11.19"]
[Round "4"]
[White "Shestakov,Se"]
[Black "Khanov,V"]
[Result "1-0"]
[WhiteElo "2342"]
[BlackElo "2216"]

1.Nf3 d5 2.c4 d4 3.b4 g6 4.g3 Bg7 5.d3 e5 6.Bg2 Ne7 7.O-O O-O 8.Nbd2 a5 9.b5 Nd7
10.Ba3 Re8 11.Rb1 Rb8 12.Qb3 Nb6 13.Rfc1 h6 14.Ne4 Bf5 15.Nfd2 Nd7 16.e3 dxe3
17.fxe3 Nf6 18.b6 Bxe4 19.Nxe4 Nxe4 20.dxe4 c6 21.Rd1 Qc8 22.Bd6 Ra8 23.c5 a4
24.Qc2 Qe6 25.Bf1 Nc8 26.Bc4 Qg4 27.Bc7 Rf8 28.Rf1 h5 29.Rxf7 Rxf7 30.Rf1 Kh7
31.Rxf7 Qg5 32.Qf2 h4 33.Rxg7+ Kxg7 34.Qf7+ Kh6 35.Qf8+ Kh5 36.Be2+  1-0

[Event "Stek Cup"]
[Site "Tula RUS"]
[Date "2004.11.19"]
[Round "4"]
[White "Zhavoronkov,E"]
[Black "Kozlov,M1"]
[Result "1-0"]
[WhiteElo "2279"]
[BlackElo "2282"]

1.Nf3 d5 2.c4 e6 3.d4 Nf6 4.Nc3 c6 5.Bg5 h6 6.Bh4 dxc4 7.e4 g5 8.Bg3 b5 9.Be2 Bb7
10.h4 g4 11.Ne5 h5 12.O-O Nbd7 13.Qc2 Bg7 14.Rad1 O-O 15.Nxd7 Qxd7 16.Be5 Qe7
17.b3 b4 18.Na4 c3 19.Nc5 Rad8 20.a3 a5 21.axb4 axb4 22.Ra1 Ra8 23.Ra4 Rxa4
24.bxa4 Ra8 25.Rb1 Nd7 26.Bxg7 Nxc5 27.dxc5 Qxc5 28.Bh6 Ba6 29.Be3 Qe7 30.Bxa6 Rxa6
31.e5 c5 32.Bg5 Qe8 33.Rd1 Ra8 34.Bf6 c4 35.Qc1 Kh7 36.Qg5  1-0

[Event "Petrosian Mem Open"]
[Site "Yerevan ARM"]
[Date "2004.11.20"]
[Round "2"]
[White "Yegiazarian,A"]
[Black "Rukhaia,K"]
[Result "1/2-1/2"]
[WhiteElo "2519"]
[BlackElo "2342"]

1.Nf3 d5 2.c4 e6 3.e3 Nf6 4.Nc3 Be7 5.d4 O-O 6.Bd3 dxc4 7.Bxc4 a6 8.a4 c5
9.O-O Nc6 10.Ne5 Nb4 11.Qb3 cxd4 12.Rd1 d3 13.Nxd3 Nxd3 14.Bxd3 Qc7 15.Bd2 Bd7
16.Rac1 Bc6 17.Qc4 Rac8 18.Ne2 Qb8 19.Qh4 Rfe8 20.Bb4 Bxb4 21.Qxb4 Red8 22.Nd4 Be8
23.Be2 Nd5 24.Qb3 a5 25.g3 Nb4 26.Bb5 h6 27.Bxe8 Rxe8 28.Nb5 Rxc1 29.Rxc1 Rc8  1/2-1/2

[Event "Acropolis IM Open"]
[Site "Athens GRE"]
[Date "2004.11.21"]
[Round "6"]
[White "Socko,B"]
[Black "Fontaine,R"]
[Result "1-0"]
[WhiteElo "2570"]
[BlackElo "2531"]

1.Nf3 d5 2.c4 c6 3.e3 Nf6 4.Nc3 a6 5.b3 Bg4 6.Be2 e6 7.Bb2 Nbd7 8.d3 Bd6
9.h3 Bxf3 10.Bxf3 O-O 11.O-O b5 12.Rc1 Qe7 13.Rc2 Rac8 14.g3 Ne5 15.Be2 dxc4
16.dxc4 Rfd8 17.Qc1 bxc4 18.bxc4 c5 19.Rd1 h5 20.Rcd2 Qc7 21.f4 Nc6 22.Bf3 h4
23.g4 Na5 24.g5 Ne8 25.Ne4 Be7 26.Be5 Qa7 27.Qc2 Rxd2 28.Rxd2 Nc6 29.Bc3 Qc7
30.Rg2 Qd8 31.a3 Nd6 32.Nf6+ Bxf6 33.gxf6 Nf5 34.Rxg7+ Nxg7 35.Qg2 Qf8 36.Be4 e5
37.Qg5 Nd8 38.Qxh4  1-0

[Event "ch-ROM w KO"]
[Site "Brasov ROM"]
[Date "2004.11.21"]
[Round "1.2"]
[White "Calotescu,A"]
[Black "Ciubara,V"]
[Result "0-1"]
[WhiteElo "2294"]
[BlackElo "2139"]

1.Nf3 d5 2.c4 c6 3.g3 Nf6 4.Bg2 a6 5.b3 dxc4 6.bxc4 e5 7.Bb2 Ng4 8.O-O f6
9.Nc3 Be6 10.h3 Nh6 11.d3 Be7 12.e3 O-O 13.Qe2 Nd7 14.d4 Nb6 15.Nd2 Qd7 16.c5 Nd5
17.Nc4 Rad8 18.dxe5 Bxc5 19.Ne4 Be7 20.exf6 Bxf6 21.Nxf6+ Nxf6 22.Ba3 Rfe8
23.Rfd1 Nd5 24.Qc2 Bxh3 25.Nb6 Qe6 26.Nxd5 cxd5 27.Bf3 Bg4 28.Bxg4 Nxg4 29.Rd4 Nxe3
30.fxe3 Qxe3+ 31.Qf2 Qxa3 32.Rad1 Qe3 33.Rxd5 Rxd5 34.Rxd5 Qxf2+ 35.Kxf2 Kf7
36.Rd4 Re7 37.a4 b6 38.Kf3 Kf6 39.Kf4 Re6 40.g4 Rc6 41.Rb4 g5+ 42.Ke4 Ke6
43.Kd4 h5 44.gxh5 Kf5 45.Ke3 g4 46.Kf2 Kg5 47.h6 Rxh6 48.Kg3 Rh3+ 49.Kg2 Ra3
50.Rxb6 Rxa4 51.Rb8 Ra2+ 52.Kg3 Ra3+ 53.Kg2 a5 54.Rf8 a4 55.Rf7 Rb3 56.Rg7+ Kf4
57.Rf7+ Ke3 58.Rg7 Rb4 59.Kg3 Kd3 60.Re7 Kc2 61.Kf2 a3 62.Re2+ Kb1 63.Re1+ Ka2
64.Ke3 Rb1 65.Re2+ Rb2 66.Re1 g3 67.Kd3 g2 68.Kc3 Rb3+ 69.Kc2 Rb6 70.Rg1 Rg6
71.Kc3 Rg7 72.Kc2 Rg3 73.Kc1 Kb3 74.Kb1 Kc3 75.Ka2 Kd2 76.Rb1 g1=Q 77.Rd1+ Kxd1  0-1

[Event "TCh-AUT"]
[Site "Graz AUT"]
[Date "2004.11.21"]
[Round "3"]
[White "Kleissl,H"]
[Black "Fusi,C"]
[Result "1-0"]
[WhiteElo "2334"]
[BlackElo "2219"]

1.Nf3 d5 2.c4 c6 3.d4 e6 4.Qc2 Nf6 5.Bg5 Nbd7 6.Nbd2 Be7 7.e3 O-O 8.Bd3 dxc4
9.Bxc4 Nd5 10.Bxe7 Qxe7 11.a3 N5b6 12.Ba2 e5 13.O-O Re8 14.Ne4 h6 15.Rfe1 Kh8
16.Ng3 Rf8 17.Rad1 g6 18.dxe5 Nxe5 19.Qc3 f6 20.Nh4 Kh7 21.f4 f5 22.Qxe5 Qxh4
23.Qc7+ Kh8 24.Rd6 Bd7 25.Rxg6 Rae8 26.Rd1 Rf6 27.Rxd7 Nxd7 28.Qxd7 Rxg6
29.Qxe8+ Kh7 30.Qf7+ Rg7 31.Qxg7+  1-0

[Event "TCh-AUT"]
[Site "Graz AUT"]
[Date "2004.11.21"]
[Round "3"]
[White "Fauland,A"]
[Black "Hoelzl,F"]
[Result "1/2-1/2"]
[WhiteElo "2414"]
[BlackElo "2370"]

1.Nf3 d5 2.c4 e6 3.g3 dxc4 4.Qa4+ c6 5.Qxc4 b5 6.Qb3 Bb7 7.Bg2 Nd7 8.d4 Ngf6
9.O-O a6 10.a4 c5 11.axb5 Bd5 12.Qc2 Be4 13.Qb3 Bd5  1/2-1/2

[Event "Petrosian Mem Open"]
[Site "Yerevan ARM"]
[Date "2004.11.21"]
[Round "3"]
[White "Margvelashvili,G"]
[Black "Asrian,K"]
[Result "0-1"]
[WhiteElo "2349"]
[BlackElo "2591"]

1.Nf3 d5 2.c4 e6 3.d4 Nf6 4.Nc3 c6 5.Bg5 Nbd7 6.cxd5 exd5 7.e3 Be7 8.Bd3 O-O
9.Qc2 Re8 10.O-O Nf8 11.Rab1 Ng6 12.Bxf6 Bxf6 13.b4 Bg4 14.Ne1 Rc8 15.Be2 Bd7
16.Nd3 Bf5 17.Qb3 Be7 18.Rbc1 Bd6 19.g3 Rc7 20.b5 h5 21.bxc6 bxc6 22.Nc5 Bxc5
23.dxc5 h4 24.Qa4 hxg3 25.hxg3 Qg5 26.Nxd5 Re4 27.Qa5 Rd7 28.Nf4 Rxe3 29.Qe1 Re8
30.Nxg6 Qxg6  0-1

[Event "Petrosian Mem Open"]
[Site "Yerevan ARM"]
[Date "2004.11.21"]
[Round "3"]
[White "Nalbandian,T"]
[Black "Pogosian,T"]
[Result "1-0"]
[WhiteElo "2504"]
[BlackElo "2226"]


1.Nf3 d5 2.c4 e6 3.g3 Nf6 4.Bg2 Be7 5.O-O O-O 6.d4 c5 7.cxd5 exd5 8.dxc5 Bxc5
9.Bg5 Nc6 10.Nc3 d4 11.Bxf6 Qxf6 12.Nd5 Qd8 13.Nd2 Bg4 14.Ne4 Bb6 15.h3 Bf5
16.Rc1 Re8 17.Nc5 Bxc5 18.Rxc5 Qd6 19.Rb5 Be4 20.Nf4 Bxg2 21.Kxg2 b6 22.Qb3 Rac8
23.Rd5 Qe7 24.Rc1 h6 25.h4 Qb7 26.Qf3 Qe7 27.Rd1 g6 28.a3 Kg7 29.b4 a6 30.b5 axb5
31.Rxb5 Qa7 32.h5 Ne5 33.Rxe5 Rxe5 34.hxg6 Qa8 35.Rxd4 Qxf3+ 36.Kxf3 fxg6
37.Rd7+ Kf6 38.Rd6+ Kf7 39.Rxg6 Rc3+ 40.e3 b5 41.Rxh6 Rxa3 42.Rb6 Rb3 43.g4 b4
44.Ne2 Rc5 45.Nd4 Rb2 46.Kg3 Rb1 47.Kf4 Kf8  1-0

[Event "XLIII WJun"]
[Site "Kochin IND"]
[Date "2004.11.22"]
[Round "6"]
[White "Sai,Sr"]
[Black "Raghuram,B"]
[Result "1-0"]
[WhiteElo "2237"]
[BlackElo "2043"]

1.Nf3 d5 2.c4 c6 3.b3 Nf6 4.Bb2 Bf5 5.g3 e6 6.Bg2 Nbd7 7.O-O Be7 8.d3 h6
9.Nbd2 O-O 10.Re1 Bc5 11.e4 Bh7 12.Qe2 Qb8 13.Rac1 dxe4 14.Nxe4 Nxe4 15.dxe4 e5
16.Rcd1 Qc7 17.Bc3 a5 18.Bh3 f5 19.Nh4 Rf7 20.Nxf5 Raf8 21.Kh1 Kh8 22.Qb2 h5
23.a3 Bxf5 24.Bxf5 Rxf5 25.exf5 Rxf5 26.Qd2 Nf6 27.Qd8+ Qxd8 28.Rxd8+ Kh7
29.Rxe5 Rxe5 30.Bxe5 Ng4 31.Bd4 Bxa3 32.Rd7 b5 33.cxb5 cxb5 34.Rxg7+ Kh6
35.Rb7 a4 36.Rb6+ Kh7 37.Rxb5  1-0

[Event "It"]
[Site "Piestany SVK"]
[Date "2004.11.23"]
[Round "8"]
[White "Pribyl,Jo"]
[Black "Hasangatin,R"]
[Result "1/2-1/2"]
[WhiteElo "2400"]
[BlackElo "2474"]

1.Nf3 d5 2.c4 c6 3.b3 Bf5 4.Bb2 e6 5.g3 Nf6 6.Bg2 Nbd7 7.O-O h6 8.d3 Be7
9.Nbd2 O-O 10.a3 a5 11.Ra2 Bh7  1/2-1/2

[Event "Acropolis IM Open"]
[Site "Athens GRE"]
[Date "2004.11.24"]
[Round "9"]
[White "Valden,P"]
[Black "Sideris,T"]
[Result "0-1"]
[WhiteElo "2204"]
[BlackElo "2093"]

1.Nf3 d5 2.c4 e6 3.d4 c6 4.Nc3 dxc4 5.e3 b5 6.a4 b4 7.Nb1 a5 8.Bxc4 Nf6 9.O-O Ba6
10.Nbd2 Be7 11.Qc2 O-O 12.Nb3 Bxc4 13.Qxc4 Qd5 14.Qc2 Nbd7 15.Rd1 Kh8 16.Ne1 Qh5
17.f3 c5 18.dxc5 Nxc5 19.Nd4 Bd6 20.g3 e5 21.Nb5 Be7 22.Qe2 Rad8 23.Rxd8 Rxd8
24.e4 Ncxe4 25.g4 Qh3 26.Be3 Bc5 27.Bxc5 Nxc5 28.Qxe5 Ne6 29.Qe3 Nxg4 30.Qe2 Nf4
31.Qc2 Ne3 32.Qf2 Rd2 33.Rc1 Rxf2 34.Kxf2 Ned5 35.Nd6 Qxh2+ 36.Kf1 Ne3+  0-1

[Event "17th Belgrade Trophy"]
[Site "Obrenovac SCG"]
[Date "2004.11.25"]
[Round "4"]
[White "Arsovic,G"]
[Black "Stojanovic,Mari"]
[Result "1/2-1/2"]
[WhiteElo "2414"]
[BlackElo "2170"]

1.Nf3 d5 2.c4 d4 3.g3 c5 4.Bg2 Nc6 5.O-O Nf6 6.d3 e5 7.e3 Be7 8.exd4 exd4
9.Bf4 O-O 10.Ne5 Nxe5 11.Bxe5 Bd6 12.Bxf6 Qxf6 13.Nd2 Bf5 14.Be4 Bxe4 15.Nxe4 Qg6
16.Qf3 b6 17.Rae1 Rae8 18.Re2 f5 19.Nxd6 Rxe2 20.Qxe2 Qxd6 21.f4 Qd7 22.Re1 Qa4
23.Qe6+ Kh8 24.b3 Qa5 25.Re5 h6 26.Rxf5 Rxf5 27.Qc8+ Kh7 28.Qxf5+ Kh8 29.g4 Qxa2
30.g5 Qxb3 31.Qf8+ Kh7 32.Qf5+ Kh8 33.Qf8+ Kh7  1/2-1/2